00477nam a2200169 a 4500008004100000020001500041050001200056100002100068245005800089260003200147300002200179350000900201650002600210650002600236650002600262700001900288120416s1996 ||||||||||||||||| || u a1557755787 aIMF(02) aSnower, Dennis J10aEconomic policies and unemployment dynamics in Europe aWashington, D.C.bIMFc1996 avii, 216p. : ill. a0.00 aLABOR POLICY--EUROPE  aLABOR MARKET--EUROPE  aUNEMPLOYMENT--EUROPE  aHenry, S. G. B